[Event "Schwarzach op"]
[Site "Schwarzach"]
[Date "2005.08.??"]
[Round "5"]
[White "Panaiatov, Radoslav"]
[Black "Moser, Eva"]
[Result "0-1"]
[WhiteElo "2216"]
[BlackElo "2361"]
[PlyCount "89"]
[EventDate "2005.08.??"]
[EventType "swiss"]
[EventRounds "9"]
[EventCountry "AUT"]
[SourceTitle "EXT 2007"]
[Source "ChessBase"]
[SourceDate "2006.11.23"]
[SourceVersion "1"]
[SourceVersionDate "2006.11.23"]
[SourceQuality "1"]

1. e4 c5 2. Nf3 Nc6 3. d4 cxd4 4. Nxd4 e5 5. Nb5 d6 6. N1c3 a6 7. Na3 b5 8. Nd5 Be7 9. c3 Nf6 10. Nxf6+ Bxf6 11. g3 0-0 12. Bg2 b4 13. Nc4 Be6 14. Ne3 bxc3 15. bxc3 Qa5 16. Bd2 Rab8 17. 0-0 Rfc8 18. Rb1 Rxb1 19. Qxb1 Bxa2 20. Qd3 Qa3 21. Bc1 Qa5 22. Bd2 Qb5 23. c4 Qa4 24. Re1 Nd4 25. Bf1 Rb8 26. Bc3 Qb3 27. Nd5 Bb1 28. Qe3 Nc2 29. Rxb1 Qxb1 30. Nxf6+ gxf6 31. Qh6 Qb3 32. Qd2 Rc8 33. Kg2 Na3 34. c5 Nb1 35. Qe2 Rxc5 36. Bd2 Nxd2 37. Qxd2 Qb6 38. Be2 Qc6 39. Bf3 Kg7 40. h4 Rc2 41. Qe1 Qc3 42. Qf1 Qd2 43. Bg4 a5 44. Bf5 a4 45. h5 0-1

[Event "Schwarzach op"]
[Site "Schwarzach"]
[Date "2005.08.??"]
[Round "2"]
[White "Panaiatov, Radoslav"]
[Black "Zelcic, Robert"]
[Result "0-1"]
[WhiteElo "2216"]
[BlackElo "2533"]
[PlyCount "50"]
[EventDate "2005.08.??"]
[EventType "swiss"]
[EventRounds "9"]
[EventCountry "AUT"]
[SourceTitle "EXT 2007"]
[Source "ChessBase"]
[SourceDate "2006.11.23"]
[SourceVersion "1"]
[SourceVersionDate "2006.11.23"]
[SourceQuality "1"]

1. e4 c6 2. d4 d5 3. Nd2 dxe4 4. Nxe4 Bf5 5. Ng3 Bg6 6. h4 h6 7. Nf3 Nf6 8. h5 Bh7 9. Bd3 Bxd3 10. Qxd3 e6 11. Bd2 c5 12. 0-0-0 Nc6 13. Be3 Qa5 14. Qb3 Qb6 15. Qa4 Be7 16. Ne5 0-0 17. Nc4 Qc7 18. dxc5 b6 19. Nd6 bxc5 20. Nde4 Ng4 21. Nxc5 Nxe3 22. Rd7 Qb6 23. Rxe7 Nxe7 24. Nd7 Qc7 25. Nxf8 Rxf8 0-1

[Event "Schwarzach op"]
[Site "Schwarzach"]
[Date "2005.08.??"]
[Round "3"]
[White "Steiner, Adam"]
[Black "Panaiatov, Radoslav"]
[Result "0-1"]
[WhiteElo "2126"]
[BlackElo "2216"]
[PlyCount "80"]
[EventDate "2005.08.??"]
[EventType "swiss"]
[EventRounds "9"]
[EventCountry "AUT"]
[SourceTitle "EXT 2007"]
[Source "ChessBase"]
[SourceDate "2006.11.23"]
[SourceVersion "1"]
[SourceVersionDate "2006.11.23"]
[SourceQuality "1"]

1. e4 c5 2. Nf3 d6 3. d4 cxd4 4. Nxd4 Nf6 5. Nc3 a6 6. Bg5 e6 7. f4 Be7 8. Qf3 h6 9. Bh4 g5 10. fxg5 Nfd7 11. Nxe6 fxe6 12. Qh5+ Kf8 13. Bb5 Rh7 14. 0-0+ Kg8 15. g6 Rg7 16. Rf7 Bxh4 17. Qxh6 Qf6 18. Rxf6 Bxf6 19. e5 Bxe5 20. Bd3 Nc5 21. Rf1 Nc6 22. Ne4 Nxe4 23. Bxe4 Bd7 24. h4 Nd4 25. Qd2 Bb5 26. Bd3 Bxd3 27. Qxd3 Nf5 28. h5 Ng3 29. Rf7 Nxh5 30. Qb3 Rxg6 31. Qxb7 Rf8 32. Rxf8+ Kxf8 33. Qxa6 Nf4 34. Qc8+ Kg7 35. b4 Rxg2+ 36. Kf1 Bd4 37. Ke1 Kh7 38. Qc7+ Rg7 39. Qxd6 Be3 40. Qa6 Rg1+ 0-1